| 000 | 01972nam0a22003731 4500 | ||
|---|---|---|---|
| 001 | rc\3147103 | ||
| 005 | 20260407113747.0 | ||
| 021 |
_aRU _b[75-30036] |
||
| 035 | _a(NLR Aleph) 007320642 | ||
| 090 |
_a5906131 _c5906131 |
||
| 100 | _a20120615d1975 |||y0rusy50 ca | ||
| 101 | 0 | _arus | |
| 102 | _aRU | ||
| 105 | _ay z ||||| | ||
| 200 | 1 |
_aКоммунистическая партия Туркменистана в цифрах (1924-1974) _eСтат. сборник _fИн-т истории партии при ЦК КП Туркменистана - филиал Ин-та марксизма-ленинизма при ЦК КПСС |
|
| 210 |
_aАшхабад _cТуркменистан _d1975 |
||
| 215 |
_a266 с. _d22 |
||
| 225 | 1 | _a[Посвящается 50-летию образования ТССР и Компартии Туркменистана] | |
| 300 | _aНа корешке загл.: КПТ в цифрах | ||
| 300 | _aНа обороте тит. л. сост.: А.А. Королькова, Б.А. Лесницкий, А.Т. Шелудько, К.В. Атемасов | ||
| 516 | 0 | _aКПТ в цифрах | |
| 532 | 1 | 1 | _aКоммунистическая партия Туркменистана в цифрах (тысяча девятьсот двадцать четвертый - 1974) |
| 601 | 0 | 2 |
_aКП Туркменистана _xРост и регулирование состава _jСтатистика _2psbo |
| 601 | 0 | 2 |
_aКП Туркменистана _xИстория _jДокументы и материалы _2psbo |
| 702 | 1 |
_aЛесницкий _bБ.А. _4220 |
|
| 702 | 1 |
_aШелудько _bА.Т. _4220 |
|
| 702 | 1 |
_aАтемасов _bК.В. _4220 |
|
| 702 | 1 |
_aКоролькова _bА.А. _4220 |
|
| 712 | 0 | 2 |
_aИнститут истории партии _cАшхабад _3RU\NLR\AUTH\8810065796 _9633192 |
| 801 | 0 |
_aRU _bNLR _gpsbo |
|
| 801 | 1 |
_aRU _bELAR _2rusmarc |
|
| 852 |
_aNLR _j75-5/1137 |
||
| 942 | _cBOOK | ||
| 980 | _aNB | ||